01293nam a2200313 a 4500001001200000003000800012006001900020007001500039008004100054020001800095040002100113035002100134043001200155050002700167100002200194245012500216246005200341260003400393300003000427504005100457533015200508610004400660651003400704651005200738655002900790710001700819856012600836999001700962ebr10254921CaPaEBRm u cr cn|||||||||090430s2007 enkab sb 001 0 eng d z9781845114572 aCaPaEBRcCaPaEBR a(OCoLC)667100498 ae-gx---14aDD801.R682bP39 2007eb1 aPawley, Margaret.14aThe watch on the Rhineh[electronic resource] :bthe military occupation of the Rhineland, 1918-1930 /cMargaret Pawley.30aMilitary occupation of the Rhineland, 1918-1930 aLondon :bI.B. Tauris,c2007. axvi, 221 p. :bill., map. aIncludes bibliographical references and index. aElectronic reproduction.bPalo Alto, Calif. :cebrary,d2013.nAvailable via World Wide Web.nAccess may be limited to ebrary affiliated libraries.20aInter-Allied Rhineland High Commission. 0aRhineland (Germany)xHistory. 0aGermanyxHistoryyAllied occupation, 1918-1930. 7aElectronic books.2local2 aebrary, Inc.40uhttp://site.ebrary.com/lib/rucke/Doc?id=10254921zAn electronic book accessible through the World Wide Web; click to view c14683d14683